000 00611nam a2200193Ia 4500
008 090124s9999 xx 000 0 und d
082 _b20999
_a1334
100 _aपडोळे ल. वा.
245 _a संदेश आणि स्वाक्षरी
250 _a1
260 _c1975
300 _a172
600 _aपडोळे ल. वा.
630 _a संदेश आणि स्वाक्षरी
700 _aपडोळे ल. वा.
700 _aपडोळे ल. वा.
730 _a संदेश आणि स्वाक्षरी
942 _cBOOK
999 _c134798
_d134798